Famous californians Quiz Stats

 Plays Quiz not verified by Sporcle

Also try: What Comes Next II
Challenge
Share
Tweet
Embed
Score 0/29 Timer 07:00
0 Plays Today
clue californian % Correct
Actor and 4 time Oscar winner known for Spaghetti westerns and as Mayor of CarmelClint Eastwood
80%
Won three straight US amateurs before turning pro and becoming a big winner on PGA tourTiger Woods
66.7%
Governor who donated land for a university in honor of his sonLeland Stanford
66.7%
Politician first elected to Congress in 1946 Richard Nixon
66.7%
Business man and inventor who helped revolutionize the computer industrySteve Jobs
66.7%
Author of Call of the Wild and White FangJack London
60%
Publisher whose descendent was a famous kidnap victimWilliam Randolph Hearst
60%
Director and filmmaker who introduced us to the dark sideGeorge Lucas
60%
Believe it or notRobert Ripley
60%
Actress who became ambassador to GhanaShirley Temple
53.3%
WW2 general immortalized on filmGeorge Patton
53.3%
Famous photographer of YosemiteAnsel Adams
53.3%
Won an Oscar for portraying Atticus FitchGregory Peck
53.3%
Owner of a famous millJohann Sutter
46.7%
Wished to be remembered as the 'Greatest hitter that ever lived'Ted Williams
46.7%
clue californian % Correct
HOFer who is one of three brothers in baseballJoe Dimaggio
40%
Nobel prize author who has had many novels made into filmJohn Steinbeck
40%
Lead singer of a rock group whose followers became sort of a cultJerry Garcia
40%
Once held single season home run recordMark McGwire
26.7%
Author who once ran for Governor as a socialistUpton Sinclair
26.7%
Pioneer in spaceSally Ride
26.7%
Explorer who was his party's first nominee for PresidentJohn Fremont
20%
Created over 800 varieties of plantsLuther Burbank
20%
Led raid over TokyoJames Doolittle
20%
Governor and jurist who ran for Vice President in 1948Earl Warren
20%
Musician that died in a famous plane crash i 1959Ritchie Valenz
20%
High school qb who ran for Heisman Trophy and is in Pro HOFMarcus Allen
13.3%
Television chefJulia Child
13.3%
One of the early pro Tennis stars who won long match at WimbledonPancho Gonzalez
6.7%

You're not logged in!

Compare scores with friends on all Sporcle quizzes.
OR
Log In

You Might Also Like...

Show Comments

Extras

Created Oct 1, 2010ReportNominate
Tags:Famous Quiz, home, town

Top Quizzes Today


Score Distribution

Your Account Isn't Verified!

In order to create a playlist on Sporcle, you need to verify the email address you used during registration. Go to your Sporcle Settings to finish the process.

Report this User

Report this user for behavior that violates our Community Guidelines.

Details: